000
00282nam a22001217a 4500
020
_a
9780174482765
100
_a
HILL GRAHAM,HOLMAN JOHN
245
_a
CHEMISTRY IN CONTEXT
250
_a
5TH ED
260
_a
UK
_b
THOMAS NELSON & SONS LTD
_c
2000
300
_a
640
_b
ILL
942
_c
BK
999
_c
251254
_d
251254